000 00781nas a2200265 4500
001 BR8800358
003 BR-BrBNA
005 20231205091021.0
007 ta
008 230509b bl.|||p| |||| 00| 00por d
040 _aBR-BrBNA
_bpor
_cBiblioteca Nacional de Agricultura
041 _a(Pt)
072 _aP06
100 1 _aMotta, L.C.
100 1 _aCereda, M.P.
100 1 _aTakashi, M.
245 1 _aUtilizacao da casca de mandioca (Manihot esculenta, Crantz)em digestao anaerobia
_bParte de tese
650 _aCASCA
650 _aMANDIOCA
650 _aDIGESTAO ANAEROBIA
650 _aENERGIA
773 0 _tEnergia na Agricultura (Brazil)
_xISSN 0102-9169
_g(1987), v. 2(1) p. 25-31
_wBR8800358
909 _a202311
_bLúcia
_c55
_dLúcia Elande
942 _2AGRIS
_n0
_cANA
999 _c122241
_d122241